<?xml version="1.0" encoding="UTF-8"?>
<collection xmlns="http://www.loc.gov/MARC21/slim">
 <record>
  <leader>02936nam a22003257a 4500</leader>
  <controlfield tag="001">NCT_140539</controlfield>
  <controlfield tag="008">220818b        xxu||||| |||| 00| 0 vie d</controlfield>
  <datafield tag="999" ind1=" " ind2=" ">
   <subfield code="c">7241</subfield>
   <subfield code="d">7241</subfield>
  </datafield>
  <datafield tag="020" ind1=" " ind2=" ">
   <subfield code="a">9786047376568</subfield>
   <subfield code="c">46000</subfield>
  </datafield>
  <datafield tag="082" ind1="0" ind2="4">
   <subfield code="2">23rd ed.</subfield>
   <subfield code="a">660.2</subfield>
   <subfield code="b">C101Q/T.1-Q.2</subfield>
  </datafield>
  <datafield tag="245" ind1="1" ind2="0">
   <subfield code="a">Các quá trình và thiết bị công nghệ hóa chất thực phẩm</subfield>
   <subfield code="n">Tập 1</subfield>
   <subfield code="p">Các quá trình thiết bị cơ học: Quyển 2 phân riêng bằng: màng, máy ly tâm, không khí, thủy lực, vận chuyển lưu chất: bơm, quạt, máy nén, tính hệ thống đường ống</subfield>
   <subfield code="c">Trần Hùng Dũng [et al.]</subfield>
  </datafield>
  <datafield tag="250" ind1=" " ind2=" ">
   <subfield code="a">Tái bản lần thứ 6</subfield>
  </datafield>
  <datafield tag="260" ind1=" " ind2=" ">
   <subfield code="a">TP Hồ Chí Minh</subfield>
   <subfield code="b">Đại học Quốc gia</subfield>
   <subfield code="c">2020</subfield>
  </datafield>
  <datafield tag="300" ind1=" " ind2=" ">
   <subfield code="a">281 tr.</subfield>
   <subfield code="b">Minh họa</subfield>
   <subfield code="c">24cm</subfield>
  </datafield>
  <datafield tag="520" ind1="3" ind2=" ">
   <subfield code="a">Trình bày các quá trình và thiết bị cơ học: máy ly tâm, phân loại bằng không khí và thuỷ lực, vận chuyển bằng khí động, thuỷ động, tính toán đường ống, bơm chất lỏng, quạt và máy nén vận chuyển chất khí</subfield>
  </datafield>
  <datafield tag="653" ind1=" " ind2=" ">
   <subfield code="a">Công nghệ thực phẩm</subfield>
  </datafield>
  <datafield tag="700" ind1="1" ind2=" ">
   <subfield code="a">Nguyễn Hữu Hiếu</subfield>
  </datafield>
  <datafield tag="700" ind1="1" ind2=" ">
   <subfield code="a">Nguyễn Văn Lục</subfield>
  </datafield>
  <datafield tag="942" ind1=" " ind2=" ">
   <subfield code="2">ddc</subfield>
   <subfield code="c">BK</subfield>
  </datafield>
  <datafield tag="952" ind1=" " ind2=" ">
   <subfield code="0">0</subfield>
   <subfield code="1">0</subfield>
   <subfield code="2">ddc</subfield>
   <subfield code="4">0</subfield>
   <subfield code="6">660_200000000000000_C101Q_T_1Q_2</subfield>
   <subfield code="7">0</subfield>
   <subfield code="9">26032</subfield>
   <subfield code="a">000001</subfield>
   <subfield code="b">000001</subfield>
   <subfield code="d">2022-08-18</subfield>
   <subfield code="o">660.2 C101Q/T.1-Q.2</subfield>
   <subfield code="p">MD.20551</subfield>
   <subfield code="r">2022-08-18</subfield>
   <subfield code="w">2022-08-18</subfield>
   <subfield code="y">BK</subfield>
  </datafield>
  <datafield tag="952" ind1=" " ind2=" ">
   <subfield code="0">0</subfield>
   <subfield code="1">0</subfield>
   <subfield code="2">ddc</subfield>
   <subfield code="4">0</subfield>
   <subfield code="6">660_200000000000000_C101Q_T_1Q_2</subfield>
   <subfield code="7">0</subfield>
   <subfield code="9">26033</subfield>
   <subfield code="a">000001</subfield>
   <subfield code="b">000001</subfield>
   <subfield code="d">2022-08-18</subfield>
   <subfield code="o">660.2 C101Q/T.1-Q.2</subfield>
   <subfield code="p">MD.20552</subfield>
   <subfield code="r">2022-08-18</subfield>
   <subfield code="w">2022-08-18</subfield>
   <subfield code="y">BK</subfield>
  </datafield>
  <datafield tag="952" ind1=" " ind2=" ">
   <subfield code="0">0</subfield>
   <subfield code="1">0</subfield>
   <subfield code="2">ddc</subfield>
   <subfield code="4">0</subfield>
   <subfield code="6">660_200000000000000_C101Q_T_1Q_2</subfield>
   <subfield code="7">0</subfield>
   <subfield code="9">26034</subfield>
   <subfield code="a">000001</subfield>
   <subfield code="b">000001</subfield>
   <subfield code="d">2022-08-18</subfield>
   <subfield code="o">660.2 C101Q/T.1-Q.2</subfield>
   <subfield code="p">MD.20553</subfield>
   <subfield code="r">2022-08-18</subfield>
   <subfield code="w">2022-08-18</subfield>
   <subfield code="y">BK</subfield>
  </datafield>
  <datafield tag="952" ind1=" " ind2=" ">
   <subfield code="0">0</subfield>
   <subfield code="1">0</subfield>
   <subfield code="2">ddc</subfield>
   <subfield code="4">0</subfield>
   <subfield code="6">660_200000000000000_C101Q_T_1Q_2</subfield>
   <subfield code="7">0</subfield>
   <subfield code="9">26035</subfield>
   <subfield code="a">000001</subfield>
   <subfield code="b">000001</subfield>
   <subfield code="d">2022-08-18</subfield>
   <subfield code="o">660.2 C101Q/T.1-Q.2</subfield>
   <subfield code="p">MD.20554</subfield>
   <subfield code="r">2022-08-18</subfield>
   <subfield code="w">2022-08-18</subfield>
   <subfield code="y">BK</subfield>
  </datafield>
  <datafield tag="952" ind1=" " ind2=" ">
   <subfield code="0">0</subfield>
   <subfield code="1">0</subfield>
   <subfield code="2">ddc</subfield>
   <subfield code="4">0</subfield>
   <subfield code="6">660_200000000000000_C101Q_T_1Q_2</subfield>
   <subfield code="7">0</subfield>
   <subfield code="9">26036</subfield>
   <subfield code="a">000001</subfield>
   <subfield code="b">000001</subfield>
   <subfield code="d">2022-08-18</subfield>
   <subfield code="o">660.2 C101Q/T.1-Q.2</subfield>
   <subfield code="p">MD.20555</subfield>
   <subfield code="r">2022-08-18</subfield>
   <subfield code="w">2022-08-18</subfield>
   <subfield code="y">BK</subfield>
  </datafield>
  <datafield tag="952" ind1=" " ind2=" ">
   <subfield code="0">0</subfield>
   <subfield code="1">0</subfield>
   <subfield code="2">ddc</subfield>
   <subfield code="4">0</subfield>
   <subfield code="6">660_200000000000000_C101Q_T_1Q_2</subfield>
   <subfield code="7">0</subfield>
   <subfield code="9">26037</subfield>
   <subfield code="a">000001</subfield>
   <subfield code="b">000001</subfield>
   <subfield code="d">2022-08-18</subfield>
   <subfield code="o">660.2 C101Q/T.1-Q.2</subfield>
   <subfield code="p">MD.20556</subfield>
   <subfield code="r">2022-08-18</subfield>
   <subfield code="w">2022-08-18</subfield>
   <subfield code="y">BK</subfield>
  </datafield>
  <datafield tag="952" ind1=" " ind2=" ">
   <subfield code="0">0</subfield>
   <subfield code="1">0</subfield>
   <subfield code="2">ddc</subfield>
   <subfield code="4">0</subfield>
   <subfield code="6">660_200000000000000_C101Q_T_1Q_2</subfield>
   <subfield code="7">0</subfield>
   <subfield code="9">26038</subfield>
   <subfield code="a">000001</subfield>
   <subfield code="b">000001</subfield>
   <subfield code="d">2022-08-18</subfield>
   <subfield code="o">660.2 C101Q/T.1-Q.2</subfield>
   <subfield code="p">MD.20557</subfield>
   <subfield code="r">2022-08-18</subfield>
   <subfield code="w">2022-08-18</subfield>
   <subfield code="y">BK</subfield>
  </datafield>
  <datafield tag="952" ind1=" " ind2=" ">
   <subfield code="0">0</subfield>
   <subfield code="1">0</subfield>
   <subfield code="2">ddc</subfield>
   <subfield code="4">0</subfield>
   <subfield code="6">660_200000000000000_C101Q_T_1Q_2</subfield>
   <subfield code="7">0</subfield>
   <subfield code="9">26039</subfield>
   <subfield code="a">000001</subfield>
   <subfield code="b">000001</subfield>
   <subfield code="d">2022-08-18</subfield>
   <subfield code="o">660.2 C101Q/T.1-Q.2</subfield>
   <subfield code="p">MD.20558</subfield>
   <subfield code="r">2022-08-18</subfield>
   <subfield code="w">2022-08-18</subfield>
   <subfield code="y">BK</subfield>
  </datafield>
  <datafield tag="952" ind1=" " ind2=" ">
   <subfield code="0">0</subfield>
   <subfield code="1">0</subfield>
   <subfield code="2">ddc</subfield>
   <subfield code="4">0</subfield>
   <subfield code="6">660_200000000000000_C101Q_T_1Q_2</subfield>
   <subfield code="7">0</subfield>
   <subfield code="9">26040</subfield>
   <subfield code="a">000001</subfield>
   <subfield code="b">000001</subfield>
   <subfield code="d">2022-08-18</subfield>
   <subfield code="o">660.2 C101Q/T.1-Q.2</subfield>
   <subfield code="p">MD.20559</subfield>
   <subfield code="r">2022-08-18</subfield>
   <subfield code="w">2022-08-18</subfield>
   <subfield code="y">BK</subfield>
  </datafield>
  <datafield tag="952" ind1=" " ind2=" ">
   <subfield code="0">0</subfield>
   <subfield code="1">0</subfield>
   <subfield code="2">ddc</subfield>
   <subfield code="4">0</subfield>
   <subfield code="6">660_200000000000000_C101Q_T_1Q_2</subfield>
   <subfield code="7">0</subfield>
   <subfield code="9">26041</subfield>
   <subfield code="a">000001</subfield>
   <subfield code="b">000001</subfield>
   <subfield code="d">2022-08-18</subfield>
   <subfield code="o">660.2 C101Q/T.1-Q.2</subfield>
   <subfield code="p">MD.20560</subfield>
   <subfield code="r">2022-08-18</subfield>
   <subfield code="w">2022-08-18</subfield>
   <subfield code="y">BK</subfield>
  </datafield>
  <datafield tag="980" ind1=" " ind2=" ">
   <subfield code="a">Thư viện Trường Đại học Nam Cần Thơ</subfield>
  </datafield>
 </record>
</collection>
